000 00749nam a2200241Ia 4500
003 OSt
005 20220923214145.0
006 a|||||r|||| 00| 0
007 ta
008 220922b |||||||| |||| 00| 0 hin d
024 _a167,450
037 _cTextual
040 _aARTS
_cARTS
_bhin
041 _2hin
_ahin
082 _aO152,1J94,1:g, J5
100 _aरत्नाकर, जगन्नाथदास
_9156285
245 0 _aबिहारी रत्नाकर
246 _aBihārī ratnākara
260 _c1955
650 _aहिन्दी साहित्य
_9156264
942 _hO152,1J94,1:g, J5
_cTEXL
_2CC
999 _c321920
_d321920